000 00563nam a22002297a 4500
003 UA-OsUOA
001 74653
007 ta
008 20110414b un ||||| |||| 00| 0 ukr d
100 _aПовилайтис В.
700 _aИ.
090 _a101
_bП42
942 _cSA
040 _aUA-OsUOA
_brus
_cUA-OsUOA
_dUA-OsUOA
245 _aФилософия культуры Григория Ландау
300 _aС.101-109
955 _a0
041 _arus
080 _a101
773 0 _w74647
650 7 _a1 Філософські науки
_2UDC
999 _c360948
_d360948